000 00453nam a2200145 i 4500
001 63825
003 ES-MaACL
007 t|
008 031217s1971 sp ||||1| spa d
100 1 _aFigueroa y Melgar, Alfonso de.
_950804
245 1 0 _aViajeros románticos por España /
_cAlfonso Figueroa y Melgar.
260 _aMadrid :
_b[Escuelas prof. "Sagrado Corazón"],
_c1971.
300 _a397 p. :
_bil. ;
_c24 cm.
852 _aES-MaACL
_jE-6266
_bR.90488
999 _c63825
_d63825